[Event "Dortmund SuperGM 27th"]
[Site "Dortmund"]
[Date "1999.07.12"]
[Round "3"]
[White "Leko, Peter"]
[Black "Adams, Michael"]
[Result "1-0"]
[WhiteElo "2701"]
[BlackElo "2708"]
[Annotator "Blatny,P"]
[PlyCount "59"]
[EventDate "1999.07.10"]
[EventType "tourn"]
[EventRounds "7"]
[EventCountry "GER"]
[EventCategory "19"]
[SourceTitle "CBM 072"]
[Source "ChessBase"]
[SourceDate "1999.10.01"]
[SourceVersion "1"]
[SourceVersionDate "1999.10.01"]
[SourceQuality "1"]

{[%mdl 1]} 1. e4 e5 2. Nf3 Nc6 3. Bb5 a6 4. Ba4 Nf6 5. O-O Be7 6. Re1 b5 7. Bb3
O-O 8. c3 d5 9. exd5 Nxd5 10. Nxe5 Nxe5 11. Rxe5 c6 12. d4 Bd6 13. Re1 Qh4 14.
g3 Qh3 15. Re4 Bb7 $6 {Warum hat Adams diesen Zug gewählt? Es ist schwer zu
glauben, dass er von Leko's "alter" Fortsetzung überrascht war (Leko spielte
früher fast ausschlieslich die Varianten mit d3 statt d4), wahrscheinlicher
ist, dass er das Spiel von Hebden (siehe unten) später durch eine Neuerung
verbessern wollte.} ({Ich finde als besser beide Alternativen:} 15... Qd7 16.
Nd2 f5 17. Re1 f4 18. Ne4 {und jetzt gibt genug Gegenspiel starke} Qh3 $1 $44 {
Adams,M-Sokolov,I/Wijk aan Zee 1991/CBM 22}) ({oder auch die fruehere
theoretische Fortsetzung} 15... g5 16. Bc2 (16. Qf3 Bf5 17. Bxd5 cxd5 18. Re3
Rad8 $1 (18... Be4 19. Rxe4 dxe4 20. Qf6 $14) 19. Nd2 Rfe8 20. a4 b4 $44 {
Timman,J-Short,N/Tilburg 1991/CBM 26}) 16... Bf5 17. Qf3 Bf4 (17... Bxe4 18.
Bxe4 Qe6 19. Bxg5 f5 20. Bd3 Qe1+ $6 (20... h6 $142 21. Bd2 Ra7 $13) 21. Kg2
Rae8 22. Bd2 Qe6 23. Na3 Bxa3 24. bxa3 Nb6 25. Re1 $14 {Milos,G-Egger,J/Sao
Paulo 1993/CBM 36}) 18. Bxf4 gxf4 19. Nd2 Bxe4 20. Bxe4 fxg3 21. hxg3 Qh6 22.
Rd1 Ne7 23. Bc2 f5 24. Bb3+ Kh8 25. Re1 Nd5 $1 26. Bxd5 cxd5 27. Nf1 Rad8 28.
Re5 $15 {Enders,P-Panczyk,K/Poznan 1985/MCD}) 16. Rh4 Qe6 17. Nd2 f5 $6 $146 {
Das ist die Neuerung, über welche oben berichtet wurde. Dieser Zug verhindert
zwar Se4, aber Weiss bekommt hier eine seltene Gelegenheit (verstehe im
Marshall !), selbst einen Angriff zu starten. Dadurch wird dieser Plan sehr
wahrscheinlich von Schwarz nicht in der Zukunft wiederholt.} ({In
Vorgaengerpartie geschah} 17... Rfe8 18. Ne4 Be7 19. Nc5 $5 Bxc5 20. dxc5 Qe7
21. Qd3 g6 22. Qd2 h5 23. Bxd5 cxd5 24. Qd4 Qf8 25. Be3 {und Weiss realisierte
spaeter im Endspiel sein Vorteil in Nunn,J-Hebden,M/London 1990/EXT 97}) 18.
Qh5 $1 h6 19. Nf3 Be7 20. Rh3 {Schwarz dachte, dass dieser Turm ausser Spiel
sein wird, aber diese Einschätzung war nicht korrekt. Der Druck auf der
h-Linie wird sehr stark.} c5 {Schwierige Entscheidung, die Diagonale a2-g8
wird jetzt noch "empfindlicher" sein, aber nach Zb.} (20... Rae8 21. Bf4 $1 {
gefolgt von Le5 hat Schwarz gar kein Gegenspiel.}) 21. dxc5 Bxc5 22. Bf4 Rae8 (
{Leider geht} 22... Qe2 {wegen} 23. Bxh6 $1 {nicht. Schwarz hat dann nur einen
"Racheschach" auf f2, danach gibt's keine Verteidigung gegen den weissen
Mattangriff.}) 23. Rd1 Re7 24. Bg5 Rd7 25. Re1 Qb6 26. Re2 Kh7 {Obwohl es auf
der h-Linie auch nicht sicher ist, muss sich schwarze König aus der
"tödlichen" Fesselung auf der Diagonale a2-g8 befreien. Es gibt keine
vernünftige Alternative:} (26... hxg5 $2 27. Qh7+ Kf7 28. Nxg5+ Kf6 29. Rh6+
Kxg5 (29... gxh6 30. Qxh6#) 30. Rg6+ Qxg6 31. Qh4#) (26... a5 27. Ne5 Rc7 28.
Ng6 {und der weisse Angriff entscheidet.}) 27. Rh4 $1 a5 $2 {Üebersieht die
weisse Angriffsidee.} (27... Kg8 28. Ne5 Rc7 29. Ng6 Rfc8 30. Nf4 $18) ({
Nötig war} 27... Rd6 $1 {und Schwarz hält seine schlechtere Stellung noch
zussammen.}) 28. Bxh6 $1 $18 Qxh6 (28... gxh6 29. Re6 (29. Ng5+ Kh8 30. Re6
Bxf2+ 31. Kf1 Ne3+ 32. Ke2 $18) 29... Bxf2+ 30. Kf1 Ne3+ 31. Ke2 Bxf3+ 32. Kxf3
$18) 29. Qg5 a4 30. Re6 $1 1-0

[Event "Sigeman & Co 05th"]
[Site "Malmo"]
[Date "1997.06.17"]
[Round "8"]
[White "Hansen, Curt"]
[Black "Hector, Jonny"]
[Result "1-0"]
[WhiteElo "2605"]
[BlackElo "2500"]
[Annotator "Blatny,P"]
[PlyCount "81"]
[EventDate "1997.06.10"]
[EventType "tourn"]
[EventRounds "9"]
[EventCountry "SWE"]
[EventCategory "13"]
[SourceTitle "CBM 060"]
[Source "ChessBase"]
[SourceDate "1997.09.29"]
[SourceVersion "1"]
[SourceVersionDate "1997.09.29"]
[SourceQuality "1"]

1. e4 {Hecht} e5 2. Nf3 Nc6 3. Bb5 a6 4. Ba4 Nf6 5. O-O Be7 6. Re1 b5 7. Bb3
O-O 8. c3 d5 {[%csl Gc3,Gd4,Yd5,Ye4,Ye5] -> Marshall diskette} 9. exd5 Nxd5 10.
Nxe5 Nxe5 11. Rxe5 Bb7 (11... c6) 12. d4 (12. Qf3 Bd6 13. Bxd5 c6 14. Rh5 cxd5
15. d4 Re8 16. Be3 g6 17. Rh6 Bc8 18. g3 Bf5 19. Nd2 Be4 20. Nxe4 Rxe4 $44)
12... Bf6 (12... Qd7 13. Nd2 Nf4 14. Ne4 Ng6 (14... Nxg2 $5 15. Kxg2 Bd6 $2 (
15... Bf6 $1 16. f3 Bxe5 17. dxe5 Qf5 $1 $44) 16. Bd5 $1 Bxe5 17. Bxb7 Rab8 18.
Nc5 Qd6 19. Qf3 Qg6+ 20. Kh1 Bd6 21. Be4 $1 f5 22. Bd5+ Kh8 23. Nd7 Rfe8 24.
Bd2 {/\ Rg1+- ~/= Hellers,F-Jansson,B/Sverige 1990}) 15. Nc5 Bxc5 16. Rxc5 Rae8
17. Be3 Kh8 18. Rh5 h6 $1 19. h3 f5 $13 20. Bxh6 $140 gxh6 21. Rxh6+ Kg7 22.
Qh5 Qd6 23. Rh7+ Kf6 24. h4 Qf4) (12... Nf6 13. Bg5 Bd6 14. Re1 Re8 15. Rxe8+
Qxe8 16. Nd2 Ne4 17. Nf3 Qd7 18. Qd3 Re8 $36 {Levi-Greenfeld/Thessaloniki/1984/
}) (12... Bd6 13. Re1 Qh4 14. g3 Qh3 15. Qf3 Rae8 16. Be3 Nxe3 17. Qxb7 Ng4 $19
) 13. Re1 (13. Bxd5 Bxd5 14. Re1 Qd7 (14... Re8 15. Be3 Qd6 16. Nd2 Re7 (16...
Re6 $5) 17. Nf1 Rae8 18. Qd2 (18. Bd2 Rxe1 19. Bxe1 c5 20. dxc5 Qxc5 21. Ne3
Bc6 $44) 18... Qc6 19. f3 Bh4 20. Bf2 $5 (20. Ng3 $5 {/\ b3, Bf4}) 20... Bxf2+
21. Kxf2 Rxe1 22. Rxe1 Bxa2 23. Rxe8+ Qxe8 $10 {Sisniega,M-Milos,G/Sao Paulo
1991}) 15. Be3 $44 {Haag-Barczay/Szombathely/1966/} Rae8 {/\<->e,Be7-d6,f5})
13... Re8 (13... c5 14. dxc5 Re8 15. Na3 Qc7 16. Rxe8+ Rxe8 17. Bxd5 Rd8 18.
Bf4 Qxf4 19. Qf3 Qxf3 20. Bxf3 Bxf3 21. gxf3 b4 $13 {Anand,V-Short,N/Amsterdam
VSB 1993/1/2-1/2 (49)}) (13... Qd7 14. Nd2 Rae8 15. Rxe8 Rxe8 16. Nf3 Qd6 17.
Qd3 g6 18. Bd2 Nf4 19. Bxf4 Qxf4 20. Re1 Rxe1+ 21. Nxe1 Bg5 22. Qe2 Qe4 $44 {
1-0 Almasi,Z-Kjeldsen,J/Festuge op 1991 (48)}) 14. Na3 (14. Be3 $2 Nxe3 15.
fxe3 Bg5 $17) (14. Nd2 Nf4 (14... b4 $2 15. c4 Nf4 16. d5 Nd3 17. Rxe8+ Qxe8
18. Bc2 Nxf2 $146 (18... Nxb2 19. Bxb2 Bxb2 20. Rb1 Bc3 21. Ne4 Qe5 22. Qd3 Re8
23. Nxc3 bxc3 24. f4 $1 $18 {De Firmian-Crawley/Lugano op/1989/}) 19. Kxf2 Bd4+
20. Kf1 Qe3 21. Qe1 Qg1+ 22. Ke2 Qxg2+ $2 (22... Re8+ $142 23. Ne4 Qxe1+ 24.
Kxe1 f5 25. a3 $1 bxa3 26. Rxa3 fxe4 27. Be3 $1 $16 {_|_}) 23. Kd3 Bf2 (23...
Bc5 24. Ne4 $18) 24. Qe4 Qxh2 25. Nf3 Qh3 26. Be3 $18 Bxe3 (26... f5 27. Qe6+
Kh8 28. Ng5 $18) 27. Kxe3 c6 28. d6 g6 (28... Qh6+ 29. Kf2 $18) 29. Kf2 Qh5 30.
Qe5 $1 Qxe5 31. Nxe5 c5 32. Rd1 Rd8 33. Ba4 {1-0 De Firmian,N-Kreiman,B/USA-ch
1994}) 15. Nf3 Bxf3 16. gxf3 Bg5 $44) (14. Bc2 Qd7 15. a4 Rxe1+ 16. Qxe1 Re8
17. Qd1 Qe7 18. Qf1 Bg5 19. Na3 Bxc1 20. Rxc1 Nf4 21. h3 Bxg2 22. Qd1 Qg5 23.
Kh2 Ne2 24. Ra1 Bf3 {0-1 Francis,V-Kuba,G/WchJM-U14 Bratislava 1993}) (14.
Rxe8+ Qxe8 15. Bc2 c5 16. dxc5 Rd8 17. Qf1 Qe7 18. a4 b4 19. c4 Nc7 20. Ra2 Bg5
21. b3 Ne6 22. Nd2 Nf4 23. Nf3 Nh3+ 24. Kh1 Bxc1 25. Qxc1 Nxf2+ 26. Kg1 Nd3 27.
Qf1 Qe3+ 28. Kh1 Nxc5 29. Qg1 Qxg1+ 30. Kxg1 Bxf3 31. gxf3 Kf8 32. Kf2 Rd2+ 33.
Kg3 Ke7 34. Bb1 Nxb3 35. Kf4 Rxa2 36. Bxa2 Nd2 37. Ke3 b3 {0-1 Apicella,
M-Hauchard,A/Clichy 1993}) 14... b4 {[%cal Rb7g2,Rf6a1,Rd5c3,Rb4c3]} 15. Nc4 (
15. cxb4 Nxb4 $44 {><d4} (15... Nxb4 16. Be3 c5 17. Qh5 Qd7 18. Nc4 g6 19. Qh3
Qxh3 20. gxh3 cxd4 21. Bd2 Rxe1+ 22. Rxe1 Nd3 23. Rf1 Rd8 24. f3 Bd5 25. Ba5
Rb8 26. Nb6 Bc6 27. Bc4 Nxb2 28. Bxa6 d3 29. Kg2 d2 30. Be2 Re8 31. Bd1 Re1 {
0-1 Howell,J-Pirrot,D/Bad Woerishofen 1991})) 15... bxc3 16. Na5 (16. Ne5)
16... Bxd4 (16... Rxe1+ $5 17. Qxe1 Qe8) 17. Rxe8+ (17. Nxb7 Qf6 $8 18. Rf1 $1
cxb2 19. Bxb2 Bxb2 20. Bxd5 Bxa1 21. Qxa1 Qxa1 $6 (21... Re5 $1 $10) (21... Re5
22. Bf3 Rae8 $14 {_|_}) 22. Rxa1 Re5 23. Bf3 Rb8 (23... Rb5 $2 24. Nd6 $18) 24.
a4 g5 $1 (24... g6 25. g3 Kg7 $2 26. Rc1 $16) 25. h3 (25. g3 g4 26. Bg2 Re2
$132) 25... Rf5 26. Be4 Re5 27. Bf3 Rf5 28. Rb1 $1 a5 $5 {1/2-1/2 Servat,
R-Adla,D/Buenos Aires (open) 1990 (38)} (28... c5 29. Rb6 $1 Rf4 30. a5 Rb4 31.
Kf1 Rxb6 32. axb6 a5 33. Ke2 a4 34. Nxc5 $1 Rxb6 35. Nxa4 $14)) 17... Qxe8 18.
Nxb7 cxb2 19. Bxb2 Bxb2 20. Bxd5 Bxa1 21. Qxa1 {[#] Hecht: beiderseitiger
Angriff - Taktik.} Qb5 22. Qd1 $14 Re8 23. g3 g6 24. a4 Qe2 25. Qb3 Kg7 26. Kg2
$16 {[%csl Gb3,Gb7,Gc4,Gc6,Gd5,Ge4,Ge6,Gf3,Gf7,Gg2]} Qe5 27. Qc4 Qa1 (27... Re7
$5 {Hecht} 28. Nd8 Qf6 29. Nc6 Rd7 30. Bf3 Rd2 $13) 28. Qxc7 Qf6 29. Qc4 Re1
30. Nc5 Qa1 31. Qf4 Rg1+ 32. Kh3 f5 33. Qc7+ $18 Kh6 34. Qf4+ Kg7 35. Ne6+ Kf6
36. Nd4 Qe1 37. Nf3 Qf1+ 38. Kh4 Ke7 39. Qc7+ Ke8 40. Bc6+ Kf8 41. Qd8+ (41.
Qd8+ Kf7 42. Bd5+ Kg7 43. Qe7+ Kh6 44. Qf8#) 1-0

[Event "Dos Hermanas 10th"]
[Site "Dos Hermanas"]
[Date "1999.04.07"]
[Round "2"]
[White "Anand, Viswanathan"]
[Black "Adams, Michael"]
[Result "1/2-1/2"]
[WhiteElo "2781"]
[BlackElo "2716"]
[Annotator "Blatny,P"]
[PlyCount "55"]
[EventDate "1999.04.06"]
[EventType "tourn"]
[EventRounds "9"]
[EventCountry "ESP"]
[EventCategory "19"]
[SourceTitle "CBM 071"]
[Source "ChessBase"]
[SourceDate "1999.08.01"]
[SourceVersion "1"]
[SourceVersionDate "1999.08.01"]
[SourceQuality "1"]

1. e4 e5 2. Nf3 Nc6 3. Bb5 a6 4. Ba4 Nf6 5. O-O Be7 6. Re1 b5 7. Bb3 O-O 8. c3
d5 9. exd5 Nxd5 10. Nxe5 Nxe5 11. Rxe5 c6 12. Re1 Bd6 13. d3 Qh4 (13... Bf5 $5
14. Nd2 (14. Bxd5 cxd5 15. Nd2 Bxd3 $13) 14... Nf4 {1/2-1/2 Smirin,I-Adams,M/
Tilburg 1992 (20)}) 14. g3 Qh3 15. Re4 Qf5 (15... Qd7 16. Nd2 Bb7 17. Re1 c5
18. Ne4 Be7 19. a4 b4 20. Bg5 Bxg5 21. Nxg5 h6 (21... bxc3 22. bxc3 Rad8 23.
Ne4 $14 {_|_ Polgar,J-Adams,M/Tilburg 1997}) 22. Ne4 Rac8 23. Qh5 f5 24. Bc4
Kh8 25. Nd2 Nf6 26. Qe2 Rce8 27. Qf1 Qc6 28. f3 Ng4 $1 29. Rxe8 Rxe8 30. Re1
Ne3 $36 {Leko,P - Bennedik/Frankfurt 1998}) (15... Nf6 16. Rh4 Qf5 17. Bc2 (17.
Nd2 g5 18. Rh6 (18. Rd4 $5 {Ivanchuk-Timman/Wijk aan Zee/1999}) 18... Ng4 19.
Ne4 Nxh6 20. Nxd6 Qg6 21. Ne4 {Svidler-Adams,M/Elista ol 1998}) 17... Qg6 18.
Nd2 (18. d4 Bf5 19. Bxf5 Qxf5 $44) 18... Bg4 19. Nf3 Rfe8 20. Kg2 Nd5 21. d4
Bf5 22. Bxf5 Qxf5 23. Bd2 Nf6 24. Bf4 Bf8 25. Bd2 Bd6 $11 {Leko,P-Adams,M/
Madrid 1998}) 16. Nd2 Qg6 17. Re1 f5 (17... Bg4 $5 18. f3 Bf5 $16) (17... Bc7
18. Nf3 Bg4 19. Nh4 Qh5 20. f3 Bh3 21. Qe2 $14) 18. a4 (18. c4 f4 19. Ne4 fxg3
20. fxg3 Bg4 21. Qc2 bxc4 22. Qxc4 (22. dxc4 Bb4 23. Bd2 Nf4 24. Bxf4 Bxe1 25.
Rxe1 Bf5 26. Qg2 Rfe8 27. Bc2 Re6 28. g4 {1-0 Smagin,S-Hebden,M/Moscow 1986/
MCL (37)}) 22... Bc7 23. Qc2 Kh8 24. Bxd5 cxd5 25. Nf2 {1/2-1/2 Hellers,
F-Wahls,M/Adelaide 1988/TD (30)}) (18. f4 Bxf4 (18... Kh8 19. Bxd5 cxd5 20. Qf3
Bd7 21. Nb3 d4 {1/2-1/2 Popovic,P-Pavlovic,M/Belgrade 1992/CBM 31 (30)}) 19.
Qf3 (19. Nf3 Bc7 20. Ne5 Bxe5 21. Rxe5 Be6 22. c4 {1/2-1/2 Milos,G-Sanz Alonso,
F/Elgoibar 1993/EXT 99 (44)}) 19... Bxd2 (19... Bb8 20. Bxd5+ cxd5 21. Nf1 Ra7
22. Bf4 Bxf4 23. Qxf4 d4 24. cxd4 Rd7 25. Re5 {1/2-1/2 Fogarasi,T-Lukacs,P/
Budapest 1994/CBM 43 ext (25)}) 20. Bxd5+ cxd5 21. Qxd5+ Kh8 22. Bxd2 Ra7 {
1-0 Koch,J-Blatny,P/Haifa 1989/EU-chT (36)}) (18. Nf3 f4 19. Ne5 Bxe5 20. Rxe5
fxg3 21. hxg3 Bg4 22. Qe1 Bf3 $1 23. Bd2 Rae8 24. a4 $2 h6 $1 25. Bd1 Rxe5 26.
Qxe5 Bxd1 27. Rxd1 Qxd3 28. Qd4 Qf3 29. Be1 $4 Ne3 $1 $19 {0-1 Leko,P-Svidler,
P/Dortmund 1998/CBM 66/[Lukacs] (35)}) (18. Ne4 $2 fxe4 19. dxe4 Bg4 20. Qd4
Qh5 $1 21. exd5 c5 $1 $19) 18... Rb8 (18... f4 19. Ne4) 19. axb5 axb5 20. Nf3 (
20. c4 f4 21. cxd5 fxg3 22. fxg3 Bxg3 23. Kh1 (23. hxg3 $6 Qxg3+ 24. Kh1 Qh3+
$11) 23... Bxe1 24. Qxe1 $14) 20... f4 21. Ne5 Bxe5 22. Rxe5 fxg3 23. fxg3 Bg4
24. Qe1 (24. Qc2 Bf5 25. Bxd5+ cxd5 $16) 24... Bh3 25. Be3 (25. Ra6 Kh8 26.
Bxd5 Rf1+ 27. Qxf1 Bxf1 28. Rxc6 $132) 25... Rf1+ 26. Qxf1 Bxf1 27. Rxf1 Rf8 (
27... Qxd3 28. Bc5 $11) 28. Rxf8+ 1/2-1/2

[Event "Dortmund SuperGM 31st"]
[Site "Dortmund"]
[Date "2003.08.06"]
[Round "6"]
[White "Bologan, Viktor"]
[Black "Naiditsch, Arkadij"]
[Result "1-0"]
[WhiteElo "2650"]
[BlackElo "2574"]
[Annotator "Bologan,V"]
[PlyCount "71"]
[EventDate "2003.07.31"]
[EventType "tourn"]
[EventRounds "10"]
[EventCountry "GER"]
[EventCategory "18"]
[SourceTitle "CBM 097"]
[Source "ChessBase"]
[SourceDate "2003.11.11"]
[SourceVersion "1"]
[SourceVersionDate "2003.11.11"]
[SourceQuality "1"]

1. e4 e5 2. Nf3 Nc6 3. Bb5 a6 4. Ba4 Nf6 5. O-O Be7 6. Re1 b5 7. Bb3 O-O 8. c3
{In the second round Leko played 8.a4 and instead of easy and convincing win
against the lowest rated player of tournament he made a draw.} (8. a4 b4 9. d3
d6 10. a5 Be6 11. Nbd2 Bxb3 12. Nxb3 Re8 13. Bg5 h6 14. Bh4 d5 15. Nfd2 d4 16.
Nc4 Nd7 17. Bg3 Rb8 18. Rf1 Rb5 19. Qg4 g5 $3 20. h4 Nf6 21. Qf5 Qd7 {= Leko,
P - Naiditsch, A}) (8. h3 {was already Anand's choice in the last round but
even the Indian magician couldn't break trough German's defence.} Bb7 9. d3 d6
10. a3 h6 11. Nc3 Re8 12. Ba2 Qd7 13. Be3 Nd8 14. Nh2 Ne6 15. Ng4 c6 16. Rf1
Nf4 17. Nxf6+ Bxf6 18. Qf3 Bg5 19. Ne2 {1/2-1/2, Anand V(2774) - Naiditsch A
(2574), 9. 8.2003 It}) 8... d5 9. exd5 Nxd5 10. Nxe5 Nxe5 11. Rxe5 c6 12. d4
Bd6 13. Re1 Qh4 14. g3 Qh3 15. Qf3 $1 {Psychologicaly very well prepared move.
First it's not so easy to remember the side lines in the opening you never
played before and second even you remember the lines you still need some
practical skills to play the main Marshall lines.} Be6 $2 {Played after 25
minutes thought. In my view it's just a waist of time. Main is considered Bg4.}
(15... Bg4) 16. Qg2 {N White is fighting for the control of weakened white
squares on kingside.} (16. Be3) 16... Qh5 (16... Rae8 17. Qxh3 Bxh3 18. Be3 $14
) 17. Bd1 {Xh3 Typical. Now nobody will bother white's king in the nearest
future.} Qg6 {If} (17... Bg4 18. Bxg4 Qxg4 19. Qe4 {!} Qh3 20. Nd2 Ra7 21. Qg2
$16 {with a clear pawn up.}) 18. Nd2 Rae8 19. Ne4 Bf5 20. f3 $6 {Played in a
association with other Marshall lines where normally the bishop stays on b3.
Here I could use the fact that I already moved the bishop to d1.} (20. Bf3 Re6
21. Bd2 $16) 20... c5 $1 {Now Black gets some counterplay linked with the pawn
on d4. And weakened kingside pawns.} 21. Bd2 cxd4 22. cxd4 Bb8 {I mostly
considered} (22... Nb4 23. Bc3 Nc6 $5 (23... Nd3 24. Re3 Nb4 25. Bb3) 24. a3 {
%04not} (24. d5 $6 {because of} Bxe4 25. fxe4 Ne5) 24... a5 25. Bc2 Bc7 26. g4
$16) 23. Bb3 Rd8 24. Nc5 (24. Rac1 h5 (24... Ba7 25. Nc5) 25. Ba5) 24... h5 25.
Rac1 {Also possible was} (25. Ba5 Rd6 26. Qd2 h4 27. g4 h3 28. Re5 $16 {
With a full domination and pawn up.}) 25... h4 26. gxh4 $2 {A very responsable
decision. I should give black only one square - f4. Instead I won a pawn but
completely ruined my pawn structure.} (26. g4 Bc8 27. Qf2 $16 (27. Ba5 Nf4 28.
Qc2 Rxd4) 27... h3 28. Ba5 Bc7 29. Bxc7 Nxc7 30. Ne4 Ne6 31. Rc6 $18) 26... Qh5
$6 (26... Qf6 $1 {Would sharpen the game} 27. Kh1 Qxd4 28. Nxa6 Nf4 29. Bxf4
Bxf4) 27. Ne4 (27. Qg5 Qxf3 28. Rf1 Qg4+ 29. Qxg4 Bxg4 30. Nxa6 Ba7 $16) 27...
Bxe4 28. Rxe4 (28. fxe4 {I disliked because of} Nf4 29. Bxf4 Bxf4 30. Rcd1 Rd6
{!} 31. Kh1 Rg6 32. Qf2 Rg4 33. Rg1 Rxh4 34. Rg2 Qh6 $14) 28... Nf6 29. Re7 (
29. Rc6 Nxe4 30. Rh6 Rxd4 31. Rxh5 Rxd2) (29. Rc5 Qh7 30. Re1 Rxd4 31. Bc3 Rxh4
32. Bxf6 Rxh2) 29... Rxd4 (29... Qxh4 30. Bg5 (30. Qf2 Qxd4 31. Qxd4 Rxd4 32.
Ba5 $14) 30... Qxd4+ 31. Kh1 $40 Be5 {?} 32. Rg1 Nh7 33. Rxf7 $18) 30. Bg5 Nd5
{Here I almost felt into time trouble and definitely lost my whole time
advantage.} 31. Qf2 $1 {The rook feels to comfortable on d4.} (31. Rb7 Bf4) (
31. Bxd5 Rxd5 32. Kh1 Rd3) 31... Rd3 32. Qe2 Rxb3 $4 {Misscalculation. The
fight would be much prolongued after} (32... Nxe7 33. Qxd3 Ng6 34. Qe4 $16) (
32... Rd4 33. Re8) (32... Qg6 33. Re8 Bd6 34. Kh1 $16 (34. Rcc8 Re3 35. Rxe3
Rxc8 36. Bxd5 Rc1+ 37. Kf2 Rc2 38. Re8+ Kh7 39. Bd2 Bc5+ 40. Re3 Rxb2 $13)) 33.
Re8 $1 {Now because of mating ideas black's position is lost.} Ba7+ 34. Kh1
Rxf3 (34... Rc3 35. bxc3) 35. Rxf8+ Kh7 36. Qe4+ 1-0

[Event "Benidorm op"]
[Site "Benidorm"]
[Date "1993.??.??"]
[Round "6"]
[White "Sion Castro, Marcelino"]
[Black "Sanz Alonso, Francisco Javier"]
[Result "1/2-1/2"]
[WhiteElo "2385"]
[BlackElo "2420"]
[Annotator "Bulletin"]
[PlyCount "68"]
[EventDate "1993.??.??"]
[EventType "swiss"]
[EventRounds "9"]
[EventCountry "ESP"]
[SourceTitle "CBM 038"]
[Source "ChessBase"]
[SourceDate "1994.02.01"]
[SourceVersion "1"]
[SourceVersionDate "1994.02.01"]
[SourceQuality "1"]

1. e4 e5 2. Nf3 Nc6 3. Bb5 a6 4. Ba4 Nf6 5. O-O Be7 6. Re1 b5 7. Bb3 O-O 8. c3
d5 9. exd5 Nxd5 10. Nxe5 Nxe5 11. Rxe5 c6 12. d3 Bd6 13. Re1 Qh4 14. g3 Qh3 15.
Re4 Qf5 16. Nd2 Qg6 17. Re1 f5 18. f4 Bxf4 19. Qf3 Bb8 20. Bxd5+ cxd5 21. Qxd5+
Kh8 22. Nf3 Ra7 (22... Bxg3 23. Qxa8 (23. Re2 Bc7+ 24. Rg2 Qb6+ 25. d4 Bb7 26.
Qd7 Rg8 27. Ng5 Raf8 $19) 23... Bxe1+ 24. Kf1 f4 25. Kxe1 Re8+ 26. Kf2 Bh3 27.
Qxe8+ Qxe8 28. Bxf4 $17) 23. Ne5 Bxe5 24. Rxe5 Raf7 {/\ Bb7} (24... Bb7 25. Qc5
Raa8 {/\ Rc8}) 25. Bf4 h6 26. Rae1 Bb7 27. Qe6 Qh5 28. R5e3 Kh7 29. b3 Rf6 30.
Qe7 R8f7 31. Qd8 Bc6 32. Qc8 Bb7 33. Qd8 Rf8 34. Qe7 R8f7 1/2-1/2

[Event "World Cup"]
[Site "Skelleftea"]
[Date "1989.08.??"]
[Round "6"]
[White "Huebner, Robert"]
[Black "Nunn, John DM"]
[Result "1-0"]
[WhiteElo "2605"]
[BlackElo "2620"]
[Annotator "Bulletin"]
[PlyCount "67"]
[EventDate "1989.08.??"]
[EventType "tourn"]
[EventRounds "15"]
[EventCountry "SWE"]
[EventCategory "16"]
[SourceTitle "CBM 014"]
[Source "ChessBase"]
[SourceDate "1990.02.01"]
[SourceVersion "1"]
[SourceVersionDate "1990.02.01"]
[SourceQuality "1"]

1. e4 e5 2. Nf3 Nc6 3. Bb5 a6 4. Ba4 Nf6 5. O-O Be7 6. Re1 b5 7. Bb3 O-O 8. c3
d5 9. exd5 Nxd5 10. Nxe5 Nxe5 11. Rxe5 c6 12. Bxd5 cxd5 13. d4 Bd6 14. Re3 Qh4
15. h3 f5 {'?' Bulletin. Bulletin: '15...g5; 15...Qf4'} 16. Qf3 Bb7 17. Nd2 g5
18. Qe2 {'!' Bulletin. Bulletin: 'N'} (18. Re6 $5 {-/+ ECO C89/19,104} Rad8 19.
Qe2 f4 20. Nf3 Qh5 21. Kh2 $2 (21. Nh2 $1 $14 Qf7 22. Ng4 Qg7 23. Nh6+ Kh8 24.
Qh5 $14) 21... Qf7 22. Qe1 Bc8 23. Re2 Bf5 $17) 18... f4 19. Nf3 Qh5 20. Nxg5 {
'+-!' Bulletin.} Qg6 21. Re6 Qxg5 22. Rxd6 Rae8 23. Re6 Kf7 24. Re5 Rxe5 25.
dxe5 Ke6 26. Bd2 Qxe5 27. Qd3 Qg7 28. Re1+ Kd7 29. f3 Rf6 30. Qd4 Qf7 31. a4
bxa4 32. Qxa4+ Kc7 33. Qb4 Kd8 34. Bxf4 1-0